[Event "XLIII C.to Italiano a squadre A1.4.1"]
[Site "Sant'Anastasia ITA"]
[Date "2011.03.25"]
[Round "1"]
[White "Bianco, Raffaele"]
[Black "Sabia, Corrado"]
[Result "1/2-1/2"]
[WhiteElo "2080"]
[BlackElo "2192"]
[PlyCount "65"]
[EventDate "2011.03.25"]

1. e4 e5 2. Nf3 Nc6 3. Bb5 Nd4 4. Nxd4 exd4 5. d3 c6 6. Bc4 Nf6 7. Bg5 h6 8.
Bh4 d6 9. O-O g5 10. Bg3 Ng4 11. Nd2 h5 12. Qf3 Qe7 13. h3 Ne5 14. Qe2 h4 15.
Bxe5 dxe5 16. c3 g4 17. hxg4 Rg8 18. f3 Bh6 19. cxd4 exd4 20. Rfe1 Be3+ 21. Kh1
Rh8 22. Nb3 Bf4 23. e5 Bg3 24. Qe4 Bxe1 25. Rxe1 c5 26. Nd2 Be6 27. Bb5+ Kf8
28. Bc4 Qg5 29. Bxe6 Qxd2 30. Re2 Qc1+ 31. Re1 Qd2 32. Re2 Qc1+ 33. Re1 1/2-1/2

[Event "XLIII C.to Italiano a squadre A1.4.1"]
[Site "Sant'Anastasia ITA"]
[Date "2011.03.25"]
[Round "1"]
[White "Cappai, Davide"]
[Black "Patavia, Antonio"]
[Result "0-1"]
[WhiteElo "2228"]
[BlackElo "2065"]
[PlyCount "84"]
[EventDate "2011.03.25"]

1. e4 e6 2. d4 d5 3. Nc3 Nf6 4. e5 Ng8 5. f4 b6 6. Nce2 Ne7 7. Nf3 Ba6 8. Be3
Nf5 9. Bf2 h5 10. g3 Qd7 11. c3 Qb5 12. Qd2 Qd3 13. Qxd3 Bxd3 14. Rg1 c5 15.
O-O-O Bc4 16. b3 Ba6 17. Kb2 Nc6 18. h3 cxd4 19. Bxd4 Rc8 20. a3 Bc5 21. Bxc5
bxc5 22. Nc1 Bxf1 23. Rdxf1 Rb8 24. Re1 Na5 25. Ka2 Ke7 26. Nd2 Rb7 27. Re2
Rhb8 28. g4 Nh4 29. Rg3 hxg4 30. hxg4 c4 31. b4 Nc6 32. a4 Ng6 33. Rf2 Nxb4+
34. cxb4 Rxb4 35. Ka3 Rb2 36. Rgg2 Rc2 37. Ndb3 Rc3 38. Kb2 Re3 39. Kc2 cxb3+
40. Kb2 Rb4 41. Ne2 Rxa4 42. f5 Ra2+ 0-1

[Event "XLIII C.to Italiano a squadre A1.4.1"]
[Site "Sant'Anastasia ITA"]
[Date "2011.03.25"]
[Round "1"]
[White "Della Corte, Alessandro"]
[Black "Femiano, Andrea"]
[Result "1/2-1/2"]
[WhiteElo "2261"]
[BlackElo "2097"]
[PlyCount "116"]
[EventDate "2011.03.25"]

1. Nf3 Nf6 2. c4 e6 3. g3 d5 4. Bg2 Be7 5. O-O O-O 6. b3 c5 7. cxd5 exd5 8. d4
b6 9. Bb2 Bb7 10. Nbd2 Na6 11. Rc1 Nc7 12. Qc2 Ne6 13. Qb1 Ne4 14. Rfd1 f5 15.
e3 Qe8 16. Nf1 Rd8 17. dxc5 bxc5 18. b4 c4 19. Nd4 Nxd4 20. Bxd4 Bf6 21. b5
Bxd4 22. Rxd4 Qe6 23. Qb4 Qb6 24. a4 Qc5 25. Qa5 a6 26. Rcxc4 dxc4 27. Rxd8
axb5 28. Rxf8+ Qxf8 29. Qxb5 Qc8 30. Bf3 c3 31. Bd1 h6 32. f3 Ng5 33. Kf2 Kh8
34. Qb1 Ba6 35. h4 Nf7 36. Bc2 Nd6 37. Qd1 Nc4 38. Qd4 Na3 39. Bxf5 Qxf5 40.
Qxc3 Qh3 41. Qc1 Nc4 42. e4 Ne5 43. Qb1 Nxf3 44. Kxf3 Bxf1 45. Qc2 Qe6 46. Qc5
Ba6 47. Qf8+ Kh7 48. Qf5+ Qxf5+ 49. exf5 Kg8 50. Kf4 Kf7 51. g4 Ke7 52. Ke5 Be2
53. g5 h5 54. a5 Bf1 55. f6+ gxf6+ 56. gxf6+ Kf7 57. Kf5 Be2 58. Kg5 Bd3
1/2-1/2

[Event "XLIII C.to Italiano a squadre A1.4.1"]
[Site "Sant'Anastasia ITA"]
[Date "2011.03.25"]
[Round "1"]
[White "Fasiello, Andrea"]
[Black "Corvi, Marco"]
[Result "0-1"]
[WhiteElo "1944"]
[BlackElo "2268"]
[PlyCount "60"]
[EventDate "2011.03.25"]

1. e4 Nf6 2. Nc3 d6 3. d4 g6 4. Nf3 Bg7 5. Be2 O-O 6. O-O c6 7. a4 a5 8. h3 Qc7
9. Be3 Na6 10. Nd2 Nb4 11. Na2 Nxa2 12. Rxa2 b6 13. Ra1 Bd7 14. c4 c5 15. d5
Ne8 16. Ra2 e5 17. f4 f5 18. b3 Nf6 19. Bd3 exf4 20. Bxf4 Nh5 21. Bh2 f4 22.
Be2 Ng3 23. Bxg3 fxg3 24. Nf3 Rae8 25. Bd3 Bh6 26. Re2 Bc8 27. Nd2 Qg7 28.
Rxf8+ Rxf8 29. Bc2 Qd4+ 30. Kh1 Bxd2 0-1

[Event "XLIII C.to Italiano a squadre A1.4.1"]
[Site "Sant'Anastasia ITA"]
[Date "2011.03.25"]
[Round "1"]
[White "Laudisa, Antonio"]
[Black "Fierro Baquero, Martha Lorena"]
[Result "0-1"]
[WhiteElo "1927"]
[BlackElo "2367"]
[PlyCount "47"]
[EventDate "2011.03.25"]

1. e4 g6 2. d4 Bg7 3. Nf3 c6 4. Nc3 d6 5. Be3 Nd7 6. Qd2 Qa5 7. Be2 Ngf6 8. h3
b5 9. e5 b4 10. exf6 bxc3 11. Qxc3 Qxc3+ 12. bxc3 Nxf6 13. Bd3 O-O 14. O-O Rb8
15. Rab1 Be6 16. c4 Nd7 17. Nd2 Bf5 18. g4 Bxd3 19. cxd3 f5 20. f4 fxg4 21.
hxg4 Nf6 22. d5 Nxg4 23. Bxa7 Ra8 24. Rb7 0-1

[Event "XLIII C.to Italiano a squadre A1.4.1"]
[Site "Sant'Anastasia ITA"]
[Date "2011.03.25"]
[Round "1"]
[White "Liguori, Renato"]
[Black "Stromboli, Ettore"]
[Result "0-1"]
[WhiteElo "2112"]
[BlackElo "2292"]
[PlyCount "50"]
[EventDate "2011.03.25"]

1. d4 Nf6 2. c4 e6 3. Nc3 Bb4 4. e3 b6 5. Bd3 Bb7 6. f3 c5 7. Nge2 O-O 8. Qb3
Nc6 9. O-O Rc8 10. Kh1 Na5 11. Qa4 Qe7 12. Rd1 cxd4 13. exd4 h6 14. a3 Bd6 15.
c5 Bb8 16. Bf4 d6 17. b4 Nc6 18. b5 Nxd4 19. cxd6 Bxd6 20. Qxd4 e5 21. Qxd6
Qxd6 22. Bh7+ Kxh7 23. Rxd6 exf4 24. Rd4 Rfe8 25. Rxf4 Re3 0-1

[Event "XLIII C.to Italiano a squadre A1.4.1"]
[Site "Sant'Anastasia ITA"]
[Date "2011.03.25"]
[Round "1"]
[White "Napoli, Nicolo'"]
[Black "Verardi, Alessandro"]
[Result "1-0"]
[WhiteElo "2324"]
[BlackElo "1913"]
[PlyCount "59"]
[EventDate "2011.03.25"]

1. d4 Nf6 2. Bg5 d5 3. Bxf6 exf6 4. e3 Bd6 5. c4 dxc4 6. Bxc4 O-O 7. Nc3 c5 8.
d5 f5 9. Nf3 Nd7 10. Qc2 Ne5 11. Be2 Rb8 12. a4 a6 13. Nd2 Re8 14. O-O Qh4 15.
f4 Ng4 16. Bxg4 fxg4 17. Nc4 Qf6 18. Rad1 b5 19. Nxd6 Qxd6 20. e4 f6 21. Qf2
Rb7 22. e5 fxe5 23. Ne4 Qg6 24. f5 Qb6 25. a5 Qxa5 26. Nd6 Rbe7 27. Nxe8 Rxe8
28. Qxc5 Rf8 29. d6 Bd7 30. Qc7 1-0

[Event "XLIII C.to Italiano a squadre A1.4.1"]
[Site "Sant'Anastasia ITA"]
[Date "2011.03.25"]
[Round "1"]
[White "Stromboli, Carlo"]
[Black "Cocozza, Mario"]
[Result "1-0"]
[WhiteElo "2297"]
[BlackElo "2360"]
[PlyCount "61"]
[EventDate "2011.03.25"]

1. e4 c6 2. d4 d5 3. Nc3 dxe4 4. Nxe4 Nd7 5. Ng5 Ngf6 6. Bd3 e6 7. Qe2 Bd6 8.
N1f3 h6 9. Ne4 Nxe4 10. Qxe4 Nf6 11. Qe2 b6 12. O-O Bb7 13. Ne5 O-O 14. Qf3 Qe7
15. Qg3 Kh8 16. Qh3 Ng8 17. Re1 c5 18. Ng4 f5 19. Nxh6 Nxh6 20. Bxh6 Kg8 21.
Bc4 Bc8 22. Be3 Bd7 23. Rad1 Rac8 24. dxc5 bxc5 25. Bg5 Qxg5 26. Rxd6 Qf4 27.
Bxe6+ Bxe6 28. Rdxe6 Rcd8 29. Qb3 c4 30. Qe3 Qxe3 31. R6xe3 1-0

[Event "XLIII C.to Italiano a squadre A1.4.1"]
[Site "Sant'Anastasia ITA"]
[Date "2011.03.25"]
[Round "2"]
[White "Bianco, Raffaele"]
[Black "Cappai, Davide"]
[Result "0-1"]
[WhiteElo "2080"]
[BlackElo "2228"]
[PlyCount "72"]
[EventDate "2011.03.25"]

1. e4 c5 2. Nf3 Nc6 3. d3 g6 4. Be2 Bg7 5. O-O d6 6. c3 Nf6 7. Re1 O-O 8. Bf1
e5 9. Nbd2 h6 10. b3 Nh5 11. Nc4 b5 12. Ne3 Rb8 13. Bb2 b4 14. c4 Rb7 15. g3
Qe8 16. Nh4 Nd4 17. Bxd4 cxd4 18. Nef5 Qd8 19. Nxg7 Kxg7 20. Be2 Nf4 21. Bf1 a5
22. Qf3 Ne6 23. Qe2 Nc5 24. Nf3 f5 25. Nd2 f4 26. f3 fxg3 27. hxg3 Qg5 28. Qg2
a4 29. bxa4 Nxa4 30. f4 Qe7 31. fxe5 dxe5 32. Nb3 Nc3 33. Be2 Qg5 34. Kh2 Rbf7
35. Rf1 Qe3 36. Rxf7+ Rxf7 0-1

[Event "XLIII C.to Italiano a squadre A1.4.1"]
[Site "Sant'Anastasia ITA"]
[Date "2011.03.25"]
[Round "2"]
[White "Fierro Baquero, Martha Lorena"]
[Black "Cocozza, Mario"]
[Result "1-0"]
[WhiteElo "2367"]
[BlackElo "2360"]
[PlyCount "122"]
[EventDate "2011.03.25"]

1. c4 e5 2. g3 Nf6 3. Bg2 Nc6 4. Nc3 g6 5. Nf3 Bg7 6. O-O O-O 7. d3 h6 8. Rb1
a5 9. a3 Qe7 10. Nd2 d6 11. b4 axb4 12. axb4 Nd8 13. Nd5 Nxd5 14. cxd5 c6 15.
Nc4 b5 16. Nb6 Rb8 17. Be3 Bb7 18. Rc1 cxd5 19. Nxd5 Qe6 20. Nc7 Qe7 21. Nd5
Qe6 22. Ba7 Rc8 23. Rxc8 Bxc8 24. Bb6 Bb7 25. e4 Nc6 26. Qd2 Ne7 27. Nxe7+ Qxe7
28. Rc1 Rc8 29. Rxc8+ Bxc8 30. Be3 Qc7 31. Bxh6 Bxh6 32. Qxh6 Qc3 33. h4 Qe1+
34. Kh2 Qxf2 35. Qg5 Kh7 36. h5 gxh5 37. Qxh5+ Kg7 38. Qg5+ Kh7 39. Qd8 Be6 40.
Qxd6 Qf6 41. Qc5 Qh6+ 42. Kg1 Qd2 43. Bf1 Qg5 44. Qf2 Qe7 45. Qd2 f6 46. Kg2
Qd6 47. d4 exd4 48. Bxb5 Kg7 49. Bd3 Bd7 50. Qb2 Bc6 51. b5 Bb7 52. Kf2 Qe5 53.
Qe2 Kf8 54. Qg4 Qd6 55. Qf5 Ke8 56. Qh7 Qe7 57. Qg8+ Kd7 58. Qc4 Qe5 59. b6 Qd6
60. Qb5+ Qc6 61. Qf5+ Kd8 1-0

[Event "XLIII C.to Italiano a squadre A1.4.1"]
[Site "Sant'Anastasia ITA"]
[Date "2011.03.25"]
[Round "2"]
[White "Liguori, Renato"]
[Black "Napoli, Nicolo'"]
[Result "0-1"]
[WhiteElo "2112"]
[BlackElo "2324"]
[PlyCount "76"]
[EventDate "2011.03.25"]

1. d4 Nf6 2. c4 c5 3. Nf3 e6 4. Nc3 a6 5. e3 cxd4 6. exd4 d5 7. c5 b6 8. b4 Be7
9. Bf4 Nc6 10. Ne5 Nxe5 11. Bxe5 Kf8 12. Be2 Nd7 13. Bg3 bxc5 14. bxc5 Qa5 15.
Qd2 g6 16. Bf4 g5 17. Be3 Bf6 18. Rc1 Rg8 19. O-O Nb8 20. f4 Qd8 21. Bh5 Ra7
22. Rf2 g4 23. g3 Nc6 24. Rd1 Ne7 25. f5 Nxf5 26. Bh6+ Bg7 27. Bxg7+ Rxg7 28.
Rf4 Nh6 29. h3 gxh3 30. Kh2 Qg5 31. g4 Rb7 32. Rdf1 Kg8 33. Na4 e5 34. dxe5
Bxg4 35. Qxd5 Rd7 36. Bxf7+ Nxf7 37. Qe4 Rd2+ 38. Kh1 Bf3+ 0-1

[Event "XLIII C.to Italiano a squadre A1.4.1"]
[Site "Sant'Anastasia ITA"]
[Date "2011.03.25"]
[Round "2"]
[White "Sabia, Corrado"]
[Black "Patavia, Antonio"]
[Result "1-0"]
[WhiteElo "2192"]
[BlackElo "2065"]
[PlyCount "61"]
[EventDate "2011.03.25"]

1. c4 g6 2. g3 Bg7 3. Bg2 c5 4. Nc3 Nc6 5. a3 e6 6. b4 Nge7 7. Rb1 d5 8. bxc5
O-O 9. Nf3 Bxc3 10. dxc3 Qa5 11. Nd2 Rd8 12. Rb5 Qc7 13. Qc2 Bd7 14. Nf3 f6 15.
cxd5 Nxd5 16. c4 Nde7 17. Qb2 e5 18. Rxb7 Qa5+ 19. Bd2 Qxc5 20. O-O Qxc4 21.
Be3 Rab8 22. Rd1 Be6 23. Rxd8+ Rxd8 24. h3 a5 25. Kh2 g5 26. Qb6 Nd5 27. Qc5
Nxe3 28. Qxe3 Nd4 29. Nd2 Qxe2 30. Ne4 Qa6 31. Nxf6+ 1-0

[Event "XLIII C.to Italiano a squadre A1.4.1"]
[Site "Sant'Anastasia ITA"]
[Date "2011.03.25"]
[Round "2"]
[White "Stromboli, Ettore"]
[Black "Fasiello, Andrea"]
[Result "1-0"]
[WhiteElo "2292"]
[BlackElo "1944"]
[PlyCount "109"]
[EventDate "2011.03.25"]

1. e4 e5 2. Nf3 Nc6 3. Bb5 a6 4. Bxc6 dxc6 5. O-O Bd6 6. c3 c5 7. Qe2 Ne7 8.
Rd1 Nc6 9. Na3 O-O 10. Nc2 Qe7 11. Ne3 Be6 12. b3 Rad8 13. Bb2 Rfe8 14. Kh1 Rd7
15. g4 Qd8 16. Rg1 Bf8 17. Rad1 g6 18. Rg3 Bg7 19. Rdg1 h6 20. Nf5 Bxf5 21.
gxf5 g5 22. h4 f6 23. Qc4+ Kf8 24. Qxc5+ Qe7 25. Qxe7+ Kxe7 26. d4 Kf7 27. d5
Nb8 28. c4 Bf8 29. Ne1 c6 30. Nd3 cxd5 31. exd5 e4 32. Nc1 Bd6 33. Rh3 Bf4 34.
Ne2 e3 35. Nxf4 exf2 36. Rf1 gxf4 37. Rxf2 Re3 38. Rxe3 fxe3 39. Re2 Re7 40.
Bd4 Re4 41. Bxe3 Rxh4+ 42. Kg2 Nd7 43. Kg3 Re4 44. Kf3 Rh4 45. Bf4 Rh1 46. d6
Rf1+ 47. Kg2 Rxf4 48. Re7+ Kf8 49. Rxd7 Rd4 50. c5 Rb4 51. Kf3 Rb5 52. b4 Rxb4
53. Rxb7 Rxb7 54. c6 Rb1 55. c7 1-0

[Event "XLIII C.to Italiano a squadre A1.4.1"]
[Site "Sant'Anastasia ITA"]
[Date "2011.03.25"]
[Round "2"]
[White "Vallifuoco, Giacomo"]
[Black "Della Corte, Alessandro"]
[Result "1-0"]
[WhiteElo "2366"]
[BlackElo "2261"]
[PlyCount "85"]
[EventDate "2011.03.25"]

1. d4 d6 2. e4 Nf6 3. Nd2 e5 4. c3 Nc6 5. Ngf3 Bg4 6. Bb5 Bd7 7. O-O Be7 8. d5
Nb8 9. Bd3 O-O 10. c4 a5 11. b3 Na6 12. a3 Nc5 13. Bc2 b5 14. cxb5 Bxb5 15. Re1
Nd3 16. Bxd3 Bxd3 17. Bb2 Nd7 18. Re3 Ba6 19. Rc1 f5 20. exf5 Nb6 21. Nc4 Nxc4
22. bxc4 Rxf5 23. Qe1 Bg5 24. Nxg5 Rxg5 25. f4 exf4 26. Re7 f3 27. Qe6+ Kh8 28.
g3 Qf8 29. Rf7 Qb8 30. Re1 Bxc4 31. Bd4 Bxd5 32. Rxg7 Re5 33. Rxe5 Bxe6 34. Re1
c5 35. Bf6 Qf8 36. Rg6+ Qxf6 37. Rxf6 Bc4 38. Rxd6 Be2 39. Rb1 c4 40. Rb7 Rc8
41. Rdd7 Bd3 42. Kf2 Rf8 43. Ra7 1-0

[Event "XLIII C.to Italiano a squadre A1.4.1"]
[Site "Sant'Anastasia ITA"]
[Date "2011.03.25"]
[Round "2"]
[White "Verardi, Alessandro"]
[Black "Stromboli, Carlo"]
[Result "0-1"]
[WhiteElo "1913"]
[BlackElo "2297"]
[PlyCount "88"]
[EventDate "2011.03.25"]

1. e4 e5 2. Nf3 Nc6 3. d4 exd4 4. Nxd4 Bb4+ 5. c3 Be7 6. Be3 Nf6 7. Nd2 O-O 8.
f4 d6 9. Be2 Re8 10. O-O Bf8 11. Bf3 Ne7 12. Qe2 Ng6 13. g3 Bh3 14. Rfe1 Qd7
15. Kh1 Rad8 16. Rad1 a6 17. N4b3 Qc8 18. Bg1 h5 19. Qd3 h4 20. Re2 Bg4 21.
Rde1 Nh5 22. Bf2 hxg3 23. hxg3 Ngxf4 24. gxf4 Nxf4 25. Qe3 Bxf3+ 26. Qxf3 Nxe2
27. Rxe2 Re6 28. Be3 Rg6 29. Rf2 Rf6 30. Qg3 Rxf2 31. Bxf2 Qe6 32. Nd4 Qh6+ 33.
Qh4 Qxd2 34. Qxd8 Qxf2 35. Qxc7 Qh4+ 36. Kg1 Qxe4 37. Kf2 g6 38. Qd8 Kg7 39.
Qg5 Be7 40. Qd2 Bh4+ 41. Kf1 Bf6 42. Ne2 Be5 43. Kf2 Qf5+ 44. Ke1 g5 0-1

[Event "XLIII C.to Italiano a squadre A1.4.1"]
[Site "Sant'Anastasia ITA"]
[Date "2011.03.26"]
[Round "3"]
[White "Bianco, Raffaele"]
[Black "Fasiello, Andrea"]
[Result "0-1"]
[WhiteElo "2080"]
[BlackElo "1944"]
[PlyCount "92"]
[EventDate "2011.03.25"]

1. e4 e5 2. Nf3 Nc6 3. Bb5 a6 4. Ba4 b5 5. Bb3 Be7 6. O-O Nf6 7. Re1 d6 8. c3
O-O 9. h3 Bb7 10. d4 Re8 11. Nbd2 Bf8 12. Bc2 Nb8 13. d5 Nbd7 14. Nf1 c6 15.
dxc6 Bxc6 16. Bg5 h6 17. Bxf6 Nxf6 18. a4 Qc7 19. axb5 axb5 20. Rxa8 Rxa8 21.
Ng3 Qb7 22. Bd3 Nd7 23. Qe2 Nc5 24. Bb1 Ra1 25. b4 Ne6 26. Qb2 Ra7 27. Ba2 Nf4
28. Re3 Qa8 29. Bb3 g6 30. Qd2 Ra1+ 31. Kh2 Rb1 32. Bc2 Ra1 33. Bb3 Qa3 34. c4
bxc4 35. Bxc4 Qa4 36. Bb3 Qa8 37. Qc2 Bd7 38. Rc3 Ra7 39. Rc7 Rxc7 40. Qxc7 Qe8
41. Bc4 Bb5 42. Nd2 Ne6 43. Qb6 Bxc4 44. Nxc4 Qc8 45. Nd2 Qc2 46. Ngf1 d5 0-1

[Event "XLIII C.to Italiano a squadre A1.4.1"]
[Site "Sant'Anastasia ITA"]
[Date "2011.03.26"]
[Round "3"]
[White "Cappai, Davide"]
[Black "Sabia, Corrado"]
[Result "1/2-1/2"]
[WhiteElo "2228"]
[BlackElo "2192"]
[PlyCount "64"]
[EventDate "2011.03.25"]

1. e4 e5 2. Nf3 Nc6 3. Bc4 Bc5 4. c3 Nf6 5. d4 exd4 6. e5 d5 7. Bb5 Ne4 8. cxd4
Bb4+ 9. Bd2 Nxd2 10. Nbxd2 O-O 11. Bxc6 bxc6 12. O-O c5 13. dxc5 Bxc5 14. Nb3
Bb6 15. Rc1 f6 16. Nfd4 fxe5 17. Nc6 Qf6 18. Qxd5+ Be6 19. Qxe5 Bxf2+ 20. Kh1
Qxe5 21. Nxe5 Bb6 22. Rxf8+ Rxf8 23. Nf3 Bd5 24. Nbd2 c6 25. Nc4 Bc7 26. Rc3
Re8 27. Na3 Bxa2 28. Rxc6 Bb6 29. Nc4 Bxc4 30. Rxc4 Re2 31. b4 Rb2 32. h4 h6
1/2-1/2

[Event "XLIII C.to Italiano a squadre A1.4.1"]
[Site "Sant'Anastasia ITA"]
[Date "2011.03.26"]
[Round "3"]
[White "Cocozza, Mario"]
[Black "Laudisa, Antonio"]
[Result "1-0"]
[WhiteElo "2360"]
[BlackElo "1927"]
[PlyCount "53"]
[EventDate "2011.03.25"]

1. e4 c5 2. Nf3 Nc6 3. Bb5 g6 4. Bxc6 bxc6 5. O-O Bg7 6. c3 e5 7. d4 cxd4 8.
cxd4 exd4 9. Nxd4 Qb6 10. Nb3 Ne7 11. Be3 Qd8 12. Bd4 O-O 13. Nc3 Bxd4 14. Qxd4
d5 15. Rad1 Be6 16. Nc5 Qc7 17. Qf6 Qd6 18. b4 Nc8 19. exd5 cxd5 20. Nxd5 Bxd5
21. Qxd6 Nxd6 22. Rxd5 Nb5 23. Ne4 a6 24. a4 f5 25. axb5 fxe4 26. bxa6 Rxa6 27.
Re5 1-0

[Event "XLIII C.to Italiano a squadre A1.4.1"]
[Site "Sant'Anastasia ITA"]
[Date "2011.03.26"]
[Round "3"]
[White "Della Corte, Alessandro"]
[Black "Corvi, Marco"]
[Result "1/2-1/2"]
[WhiteElo "2261"]
[BlackElo "2268"]
[PlyCount "75"]
[EventDate "2011.03.25"]

1. d4 d5 2. Nf3 Nf6 3. c4 e6 4. Nc3 Be7 5. Bg5 O-O 6. e3 h6 7. Bxf6 Bxf6 8. Rc1
b6 9. Be2 dxc4 10. Bxc4 Bb7 11. O-O Nd7 12. Qe2 c5 13. Rfd1 Qe7 14. d5 Bxc3 15.
Rxc3 exd5 16. Bxd5 Bxd5 17. Rxd5 Rfd8 18. Qd2 Nf6 19. Rxd8+ Rxd8 20. Rd3 Rc8
21. h3 c4 22. Rd4 b5 23. a3 c3 24. bxc3 Qxa3 25. Rd8+ Rxd8 26. Qxd8+ Qf8 27.
Qa5 Ne4 28. Qxb5 Qa8 29. Qa5 Qb8 30. Qb4 Qa8 31. Ne5 a5 32. Qc4 Nd6 33. Qc5 a4
34. Qxd6 a3 35. Qe7 a2 36. Qxf7+ Kh7 37. Qg6+ Kg8 38. Qf7+ 1/2-1/2

[Event "XLIII C.to Italiano a squadre A1.4.1"]
[Site "Sant'Anastasia ITA"]
[Date "2011.03.26"]
[Round "3"]
[White "Napoli, Nicolo'"]
[Black "Stromboli, Ettore"]
[Result "1-0"]
[WhiteElo "2324"]
[BlackElo "2292"]
[PlyCount "47"]
[EventDate "2011.03.25"]

1. e4 e6 2. Qe2 Be7 3. Nf3 Nf6 4. e5 Nd5 5. d4 c5 6. c4 Nb6 7. Nc3 cxd4 8. Nxd4
Nc6 9. Ndb5 O-O 10. Qe4 f5 11. exf6 Bxf6 12. Bd3 g6 13. c5 a6 14. Nd6 Bd4 15.
cxb6 Bxf2+ 16. Kd1 Qxb6 17. Rf1 Nb4 18. Nc4 Qc7 19. Bh6 Rf5 20. Ne3 Nxd3 21.
Nxf5 Nxb2+ 22. Ke2 gxf5 23. Rxf2 Qxh2 24. Qg4+ 1-0

[Event "XLIII C.to Italiano a squadre A1.4.1"]
[Site "Sant'Anastasia ITA"]
[Date "2011.03.26"]
[Round "3"]
[White "Patavia, Antonio"]
[Black "Cozzolino, Angelo"]
[Result "0-1"]
[WhiteElo "2065"]
[BlackElo "1931"]
[PlyCount "112"]
[EventDate "2011.03.25"]

1. e4 e5 2. Nf3 Nf6 3. Nxe5 d6 4. Nf3 Nxe4 5. d4 d5 6. Bd3 Nc6 7. O-O Be7 8.
Re1 Nf6 9. h3 O-O 10. Bg5 Re8 11. c3 Be6 12. Nbd2 h6 13. Bf4 Bd6 14. Ne5 Nd7
15. Ndf3 Qf6 16. Bg3 Bf5 17. Bxf5 Qxf5 18. Nh4 Qe6 19. Nxc6 Qxe1+ 20. Qxe1
Rxe1+ 21. Rxe1 bxc6 22. Bxd6 cxd6 23. Nf5 Kf8 24. Kf1 Rb8 25. b3 Nf6 26. f3 Rd8
27. Kf2 Ng8 28. Ke2 g6 29. Ne3 Kg7 30. Kd3 Kf6 31. Ng4+ Kf5 32. g3 h5 33. Ne3+
Kf6 34. Rb1 Ne7 35. c4 dxc4+ 36. bxc4 Rd7 37. Rb3 Nf5 38. Nxf5 Kxf5 39. Ra3 g5
40. Ke3 Re7+ 41. Kf2 Rb7 42. Ra5+ Kf6 43. Ke3 Rb4 44. c5 dxc5 45. Rxc5 Rb6 46.
a4 Kg6 47. Ke4 f6 48. a5 Rb1 49. Rxc6 Re1+ 50. Kd3 Rd1+ 51. Ke3 Re1+ 52. Kd2
Ra1 53. Ra6 Ra3 54. Ke2 Kf5 55. g4+ Kf4 56. Rxf6+ Kg3 0-1

[Event "XLIII C.to Italiano a squadre A1.4.1"]
[Site "Sant'Anastasia ITA"]
[Date "2011.03.26"]
[Round "3"]
[White "Stromboli, Carlo"]
[Black "Fierro Baquero, Martha Lorena"]
[Result "1/2-1/2"]
[WhiteElo "2297"]
[BlackElo "2367"]
[PlyCount "55"]
[EventDate "2011.03.25"]

1. e4 c5 2. Nf3 Nc6 3. d4 cxd4 4. Nxd4 g6 5. Nxc6 bxc6 6. Nc3 Bg7 7. Bc4 Qa5 8.
Qf3 Nf6 9. O-O O-O 10. Bd2 d6 11. Rfe1 Ng4 12. h3 Ne5 13. Qe2 Nxc4 14. Qxc4 Qb6
15. Na4 Qb7 16. Bc3 Be6 17. Qd3 Qb5 18. Bxg7 Qxd3 19. cxd3 Kxg7 20. d4 Rab8 21.
b3 Rb4 22. Rad1 Rc8 23. f3 c5 24. dxc5 dxc5 25. Nb2 c4 26. Nxc4 Bxc4 27. bxc4
Rcxc4 28. Rd2 1/2-1/2

[Event "XLIII C.to Italiano a squadre A1.4.1"]
[Site "Sant'Anastasia ITA"]
[Date "2011.03.26"]
[Round "3"]
[White "Verardi, Alessandro"]
[Black "Liguori, Renato"]
[Result "0-1"]
[WhiteElo "1913"]
[BlackElo "2112"]
[PlyCount "76"]
[EventDate "2011.03.25"]

1. e4 e6 2. Nf3 d5 3. e5 c5 4. b4 cxb4 5. d4 Bd7 6. Bd3 Qa5 7. O-O Bb5 8. a3
Bxd3 9. Qxd3 Qa6 10. Qd1 Nc6 11. Bb2 Qb6 12. axb4 Bxb4 13. Ba3 Nge7 14. Bxb4
Qxb4 15. Qd3 Nf5 16. c3 Qe7 17. Na3 h5 18. Rfb1 O-O 19. Qb5 Rab8 20. Ne1 Rfc8
21. Nd3 b6 22. Rc1 a6 23. Qb2 b5 24. Nc2 a5 25. Nc5 Nxe5 26. Rxa5 Nc4 27. Qb4
Nxa5 28. Qxa5 Rxc5 29. dxc5 Qxc5 30. Nb4 Rc8 31. Nd3 Qc4 32. Ne5 Qc7 33. Qa6
Nd6 34. Nf3 b4 35. h3 bxc3 36. Rc2 Ne4 37. Nd4 Rb8 38. Rc1 Qc4 0-1

[Event "XLIII C.to Italiano a squadre A1.4.1"]
[Site "Sant'Anastasia ITA"]
[Date "2011.03.26"]
[Round "4"]
[White "Cocozza, Mario"]
[Black "Stromboli, Carlo"]
[Result "1/2-1/2"]
[WhiteElo "2360"]
[BlackElo "2297"]
[PlyCount "82"]
[EventDate "2011.03.25"]

1. e4 e5 2. Nf3 Nc6 3. Bb5 a6 4. Ba4 Nf6 5. O-O b5 6. Bb3 Bc5 7. Nxe5 Nxe5 8.
d4 Bxd4 9. Qxd4 d6 10. c3 c5 11. Qe3 Bb7 12. Nd2 O-O 13. Bc2 Re8 14. Qg3 Nh5
15. Qe3 Qh4 16. f3 Re6 17. Nb3 Rae8 18. Qg5 Qxg5 19. Bxg5 Nc4 20. Bb1 Nb6 21.
Rd1 Nf6 22. Bf4 Nc4 23. Nd2 Nxd2 24. Bxd2 d5 25. exd5 Nxd5 26. Be4 Bc6 27. Re1
Ne7 28. Bxc6 Nxc6 29. Rxe6 Rxe6 30. Re1 Nd8 31. Kf2 Kf8 32. Rxe6 Nxe6 33. Ke3
Ke7 34. Ke4 Kd6 35. b3 Nd8 36. Bf4+ Ke6 37. g4 f6 38. h4 g6 39. Bh6 Nf7 40. Bf8
Nd6+ 41. Kf4 Nb7 1/2-1/2

[Event "XLIII C.to Italiano a squadre A1.4.1"]
[Site "Sant'Anastasia ITA"]
[Date "2011.03.26"]
[Round "4"]
[White "Corvi, Marco"]
[Black "Vallifuoco, Giacomo"]
[Result "1-0"]
[WhiteElo "2268"]
[BlackElo "2366"]
[PlyCount "82"]
[EventDate "2011.03.25"]

1. c4 e6 2. Nc3 d5 3. d4 Nf6 4. Bg5 Nbd7 5. e3 Be7 6. cxd5 exd5 7. Bd3 O-O 8.
Nge2 Re8 9. O-O Nf8 10. Qc2 c6 11. Rae1 Be6 12. f3 Qa5 13. Kh1 c5 14. dxc5 Qxc5
15. Bxf6 Bxf6 16. Ne4 Qxe3 17. Nxf6+ gxf6 18. Qc3 Qh6 19. Qd4 Bd7 20. Ng3 Rxe1
21. Rxe1 Re8 22. Rxe8 Qc1+ 23. Qg1 Qxg1+ 24. Kxg1 Bxe8 25. Nh5 Bc6 26. Nxf6+
Kg7 27. Nh5+ Kh6 28. g4 Ne6 29. Kg2 d4 30. b4 a5 31. a3 axb4 32. axb4 Ng7 33.
b5 Be8 34. Nf6 Kg5 35. Nxh7+ Kf4 36. Nf6 Kg5 37. Ne4+ Kf4 38. Nd6 b6 39. h4 f6
40. h5 Bxh5 41. gxh5 Nxh5 1-0

[Event "XLIII C.to Italiano a squadre A1.4.1"]
[Site "Sant'Anastasia ITA"]
[Date "2011.03.26"]
[Round "4"]
[White "Fasiello, Andrea"]
[Black "Napoli, Nicolo'"]
[Result "1/2-1/2"]
[WhiteElo "1944"]
[BlackElo "2324"]
[PlyCount "61"]
[EventDate "2011.03.25"]

1. e4 c6 2. d4 d5 3. exd5 cxd5 4. c3 Nf6 5. Bf4 Nc6 6. Nf3 Bg4 7. Be2 e6 8.
Nbd2 Bd6 9. Bxd6 Qxd6 10. O-O Bf5 11. Re1 h5 12. Ne5 Ng4 13. Ndf3 Be4 14. g3
Ngxe5 15. Nxe5 Nxe5 16. dxe5 Qb6 17. Bd3 Bxd3 18. Qxd3 h4 19. Qe3 hxg3 20. hxg3
Qc6 21. Qd4 Rc8 22. Kg2 Qc5 23. Qxc5 Rxc5 24. Rad1 Rc4 25. Rd4 Rc6 26. Rb4 b6
27. Rh1 Rxh1 28. Kxh1 Rc7 29. Kg2 f6 30. f4 Rf7 31. g4 1/2-1/2

[Event "XLIII C.to Italiano a squadre A1.4.1"]
[Site "Sant'Anastasia ITA"]
[Date "2011.03.26"]
[Round "4"]
[White "Femiano, Andrea"]
[Black "Della Corte, Alessandro"]
[Result "0-1"]
[WhiteElo "2097"]
[BlackElo "2261"]
[PlyCount "100"]
[EventDate "2011.03.25"]

1. e4 c5 2. Nf3 d6 3. d4 cxd4 4. Nxd4 Nf6 5. Nc3 a6 6. a4 e6 7. Be2 Be7 8. O-O
Qc7 9. f4 Nc6 10. Nb3 b6 11. Kh1 O-O 12. Bf3 Rb8 13. Qe2 Bb7 14. Be3 Na5 15.
Nd2 Rfd8 16. Qf2 Ba8 17. Rfe1 Nd7 18. e5 Bxf3 19. Qxf3 dxe5 20. fxe5 Nxe5 21.
Qg3 Bd6 22. Nde4 Ng6 23. Nxd6 Qxd6 24. Qf2 Nc4 25. Rad1 Qc6 26. Bc1 Nce5 27. h3
b5 28. axb5 axb5 29. Rxd8+ Rxd8 30. Ne4 h6 31. b3 Rc8 32. Re2 Nd3 33. cxd3
Qxc1+ 34. Re1 Qc2 35. Qg3 Qxb3 36. Nd6 Rf8 37. Re4 Qd5 38. Rg4 h5 39. Rg5 h4
40. Rxd5 hxg3 41. Rxb5 Rd8 42. Rb6 Ra8 43. Rb1 Ra3 44. Rd1 f5 45. Nc4 Ra2 46.
Nd2 Nf4 47. Kg1 Kf7 48. Kf1 Kf6 49. d4 g5 50. Nc4 Rf2+ 0-1